Logo

Description automatically generated
विद्यार्जन
 संसाधन केंद्र, भारतीय प्रौद्योगिकी संस्थान इन्दौर
Learning Resource Center, Indian Institute of Technology Indore

ऑनलाइन सार्वजनिक अभिगम प्रसूची
Online Public Access Catalogue (OPAC)

Monte Carlo : concepts, algorithms, and applications (Record no. 53013)

MARC details
000 -LEADER
fixed length control field 00575nam a2200205Ia 4500
005 - DATE AND TIME OF LATEST TRANSACTION
control field 20260113171059.0
008 - FIXED-LENGTH DATA ELEMENTS--GENERAL INFORMATION
fixed length control field 260113s9999||||xx |||||||||||||| ||und||
020 ## - INTERNATIONAL STANDARD BOOK NUMBER
International Standard Book Number 9781441928474
020 ## - INTERNATIONAL STANDARD BOOK NUMBER
Qualifying information pbk
082 ## - DEWEY DECIMAL CLASSIFICATION NUMBER
Classification number 519.233
Item number FIS
100 ## - MAIN ENTRY--PERSONAL NAME
Personal name Fishman, George S.
245 #0 - TITLE STATEMENT
Title Monte Carlo : concepts, algorithms, and applications
260 ## - PUBLICATION, DISTRIBUTION, ETC.
Place of publication, distribution, etc. New York
Name of publisher, distributor, etc. Springer-Verlag
Date of publication, distribution, etc. 1996
300 ## - PHYSICAL DESCRIPTION
Extent xxv, 698p. ; 25cm.
490 ## - SERIES STATEMENT
Series statement Springer series in operations research
653 ## - INDEX TERM--UNCONTROLLED
Uncontrolled term MA306
653 ## - INDEX TERM--UNCONTROLLED
Uncontrolled term Mathematical statistics
653 ## - INDEX TERM--UNCONTROLLED
Uncontrolled term Monte Carlo method
942 ## - ADDED ENTRY ELEMENTS (KOHA)
Koha item type Book
Holdings
Withdrawn status Lost status Damaged status Not for loan Home library Current library Shelving location Date acquired Source of acquisition Total Checkouts Full call number Barcode Checked out Date last seen Date last checked out Price effective from Koha item type
        LRC, IIT Indore LRC, IIT Indore 3rd Floor - General Stack 13/01/2026 PO_2025-26_PO-76 ,Vendor: Shankar's Book Agency Pvt.Ltd., New Delhi ; Inv. No.: IN36604/25-26, dt.29.12.2025 ; Price: EUR 89.99 1 519.233 FIS 38689 15/07/2026 16/01/2026 16/01/2026 13/01/2026 Book
        LRC, IIT Indore LRC, IIT Indore 3rd Floor - General Stack 13/01/2026 PO_2025-26_PO-76 ,Vendor: Shankar's Book Agency Pvt.Ltd., New Delhi ; Inv. No.: IN36604/25-26, dt.29.12.2025 ; Price: EUR 89.99   519.233 FIS 38690   15/01/2026   13/01/2026 Book
Copyright © 2024, 2021, 2017 Indian Institute of Technology Indore. All Rights Reserved.
Managed & maintained by Learning Resource Center, IIT Indore